[Event "Floripa Chess Open 2024"]
[Site "Florianopolis"]
[Date "2024.01.27"]
[Round "9.45"]
[White "Nascimento, Pedro Henrique Alve"]
[Black "Do Nascimento, Christian Almeida"]
[Result "1-0"]
[WhiteElo "1946"]
[BlackElo "2123"]
[PlyCount "79"]
[EventDate "2024.01.20"]
[EventRounds "10"]
[EventCountry "BRA"]

1. d4 d5 2. c4 e6 3. Nf3 Nf6 4. g3 Bb4+ 5. Bd2 Be7 6. Bg2 O-O 7. O-O c6 8. Qc2
b6 9. Rd1 Bb7 10. Bf4 Nbd7 11. Nc3 dxc4 12. Nd2 Nd5 13. Nxc4 Nxf4 14. gxf4 Qc8
({RR} 14... Qc7 15. e3 Rad8 16. Rac1 c5 17. d5 exd5 18. Bxd5 Nf6 19. Bxb7 Qxb7
20. a4 a6 21. Rxd8 Rxd8 22. Qb3 Ng4 23. e4 Rd4 24. Qxb6 Qc8 25. Nd5 Bf8 26. f3
Nh6 27. Qb3 Qe6 28. Qc2 Nf5 29. Qf2 {Grischuk,A (2771)-Kramnik,V (2791) Moscow
2010 1/2-1/2 (44)}) ({RR} 14... Qc7 15. e3 Rad8 16. Rac1 c5 17. d5 exd5 18.
Nxd5 Bxd5 19. Rxd5 b5 20. Ne5 Nxe5 21. Rxe5 Bd6 22. Rd5 Be7 23. Rcd1 Rxd5 24.
Rxd5 Rd8 25. Rxd8+ Qxd8 26. a4 a6 27. axb5 axb5 28. b3 g6 29. Bc6 {Li,D (2556)
-Dai,C (2496) Xinghua CHN 2023 1/2-1/2 (33)}) 15. Rac1 $146 ({RR} 15. Ne4 Qc7
16. Ne5 Nxe5 17. fxe5 c5 18. dxc5 bxc5 19. Qc3 Rad8 20. Rac1 Rxd1+ 21. Rxd1 Rd8
22. Rxd8+ Qxd8 23. Nf6+ gxf6 24. Bxb7 Qd1+ 25. Kg2 Qxe2 26. exf6 Qg4+ 27. Qg3
Qxg3+ 28. hxg3 Bxf6 29. b3 Kf8 {Shapiro,D (2284)-Tomiello,L (2185) chess.com
INT 2022 1/2-1/2 (71)}) ({RR} 15. e4 Nf6 16. Qd2 c5 17. d5 exd5 18. exd5 Rd8
19. Re1 Bf8 20. a4 g6 21. Rad1 Bh6 22. Re7 Bf8 23. Re3 Nh5 24. Ne2 Bh6 25. Re7
Bf8 26. Re3 Bg7 27. b3 Qg4 28. h3 Qf5 29. Re7 Rab8 {Szotkowski,J (2356)-Eggink,
R (2316) Karpacz 2015 0-1 (67)}) ({RR} 15. a3 c5 16. d5 exd5 17. Nxd5 Bxd5 18.
Bxd5 Rb8 19. Be4 Nf6 20. Bf5 Qc7 21. Ne5 Bd6 22. Nd7 Nxd7 23. Qd3 Nf6 24. Qxd6
Qxd6 25. Rxd6 Rfd8 26. Rad1 Rxd6 27. Rxd6 Kf8 28. Kg2 Ke7 29. Rc6 Nd5 {
Andraschko,F (2071)-Boyard,M (1989) Gerlingen 2011 1-0 (45)}) 15... Rd8 16. f5
exf5 17. Qxf5 Nf6 18. Qxc8 Raxc8 19. a3 Bd6 20. Nxd6 Rxd6 21. Nb5 cxb5 22. Bxb7
Rcd8 23. e3 h5 24. Rc7 Ne8 25. Rcc1 Rg6+ 26. Kf1 h4 27. h3 Rf6 28. Ke2 Re6 29.
Rc8 Rxc8 30. Bxc8 Re7 31. Bf5 g5 32. Rc1 Rc7 33. Rxc7 Nxc7 34. Kd3 Kg7 35. e4
Kf6 36. Bg4 Ke7 37. e5 f6 38. Ke4 Ne6 39. Bxe6 Kxe6 40. d5+ 1-0

[Event "Floripa Chess Open 2024"]
[Site "Florianopolis"]
[Date "2024.01.27"]
[Round "9.46"]
[White "Madeira, Wagner Martins"]
[Black "Karoly, Carlos Acacio Gomes"]
[Result "1-0"]
[WhiteElo "2122"]
[BlackElo "1846"]
[PlyCount "81"]
[EventDate "2024.01.20"]
[EventRounds "10"]
[EventCountry "BRA"]

1. e4 d5 2. exd5 Nf6 3. d4 Nxd5 4. c4 Nf6 5. Nf3 Bg4 6. h3 Bh5 7. Be2 c6 8. Nc3
e6 9. O-O Be7 10. Be3 ({RR} 10. Bf4 O-O 11. Qd2 Nbd7 12. Rfd1 Nb6 13. Qe3 Re8
14. Rac1 a5 15. Bf1 a4 16. g4 Bg6 17. Ne5 a3 18. b3 Nfd7 19. Bg2 Nxe5 20. dxe5
Nd7 21. Ne4 Qc7 22. Nd6 Red8 23. c5 Nb8 24. b4 Na6 {Perunovic,M (2550)-Kalezic,
B (2442) Sozina 2004 1-0 (40)}) 10... O-O 11. a3 Nbd7 12. b4 Nb6 $146 ({RR} 
12... b6 13. c5 b5 14. Ra2 a6 15. Rd2 Nd5 16. Nxd5 exd5 {1/2-1/2 (16)
Zimmermann,A (1316)-Brune,T (1118) Kranenburg 2007}) 13. Qb3 Re8 14. Rfd1 Rc8
15. a4 h6 16. a5 Nbd7 17. d5 cxd5 18. cxd5 Rxc3 19. Qxc3 Nxd5 20. Qb3 Qb8 21.
Rxd5 exd5 22. Qxd5 Nf6 23. Qb3 Bxf3 24. Bxf3 Qe5 25. Rd1 b6 26. axb6 axb6 27.
Bxb6 Qb5 28. Ba5 Rb8 29. Rb1 Bd6 30. g3 h5 31. h4 Qf5 32. Kg2 Ne4 33. Qd3 Qh3+
34. Kxh3 Nxf2+ 35. Kg2 Nxd3 36. b5 Rc8 37. b6 Bb8 38. b7 Rc5 39. Rd1 Rxa5 40.
Rxd3 Ra2+ 41. Kh3 1-0

[Event "Floripa Chess Open 2024"]
[Site "Florianopolis"]
[Date "2024.01.27"]
[Round "9.47"]
[White "Casalaspro, Mathias Andre"]
[Black "Frattini, Beatriz Maria"]
[Result "1-0"]
[WhiteElo "2121"]
[BlackElo "1873"]
[PlyCount "47"]
[EventDate "2024.01.20"]
[EventRounds "10"]
[EventCountry "BRA"]

1. d4 Nf6 2. Bg5 d5 3. Nd2 c5 4. dxc5 e6 5. e4 Bxc5 6. e5 h6 7. Bh4 g5 8. Bg3
Nfd7 9. h4 gxh4 ({RR} 9... Rg8 10. hxg5 hxg5 11. Nb3 Nc6 12. Rh7 Ncxe5 13. Nf3
Ng6 14. Qd2 Be7 15. Nfd4 Nf6 16. Rh1 Ne4 17. Qe3 Nxg3 18. Qxg3 Bd6 19. Qe3 Bd7
20. g3 Qb6 21. Qxg5 Be7 22. Qe3 O-O-O 23. c3 Kb8 24. Rh7 {Shimanov,A (2578)
-Narayanan,S (2552) chess.com INT 2024 1-0 (63)}) 10. Rxh4 $146 ({RR} 10. Bxh4
Qb6 11. Nb3 Nc6 12. Nf3 a5 13. a4 Rg8 14. Bb5 Rg4 15. Nxc5 Nxc5 16. O-O Bd7 17.
Qc1 Rg6 18. Bf6 Ne4 19. Nh4 Rg8 20. Qxh6 Nd4 21. Qh7 Nxf6 22. exf6 O-O-O 23.
Bxd7+ Kxd7 24. Qxf7+ Kc8 {Xu,X (2587)-Caruana,F (2766) chess.com INT 2023 1-0 
(45)}) 10... Nxe5 11. Qh5 Ng6 12. Rg4 Qf6 13. Bd3 e5 14. Bxg6 Bxg4 15. Qxg4 Nc6
16. Bh5 Nb4 17. O-O-O Nxa2+ 18. Kb1 Nb4 19. Ngf3 Nc6 20. Bh4 Qf4 21. Qxf4 exf4
22. Nb3 Be7 23. Nbd4 Bxh4 24. Nxh4 1-0

[Event "Floripa Chess Open 2024"]
[Site "Florianopolis"]
[Date "2024.01.27"]
[Round "9.48"]
[White "Rekik, Ismail"]
[Black "Delgado, Lidio Dias"]
[Result "1-0"]
[WhiteElo "1919"]
[BlackElo "2110"]
[PlyCount "44"]
[EventDate "2024.01.20"]
[EventRounds "10"]
[EventCountry "BRA"]

1. c4 c5 2. Nc3 g6 3. g3 Bg7 4. Bg2 Nc6 5. Nf3 d6 6. O-O Nh6 7. Rb1 Nf5 8. a3
a5 ({RR} 8... h5 9. b4 h4 10. Ne4 hxg3 11. hxg3 b6 12. Bb2 Bxb2 13. Rxb2 Rb8
14. e3 Bb7 15. Qb1 Qd7 16. Rd1 Nd8 17. d4 cxd4 18. exd4 d5 19. Ne5 Qc8 20. cxd5
Bxd5 21. Re2 Kf8 22. Ng5 Bxg2 23. Kxg2 {Bodrogi,B (2243)-Sarkar,J (2289) Arco
ITA 2023 1/2-1/2 (34)}) 9. d3 O-O 10. Bd2 Nfd4 $146 ({RR} 10... Bd7 11. Ne1 h5
12. h3 Rb8 13. Kh2 Be5 14. Nf3 Bg7 15. Na2 b5 16. b4 axb4 17. axb4 cxb4 18.
cxb5 Rxb5 19. Nxb4 Nxb4 20. Rxb4 Rxb4 21. Bxb4 Qb6 22. Bd2 Rb8 {1/2-1/2 (22)
Vuilleumier,A (2280)-Henriksen,G (2203) Linares 2005}) ({RR} 10... Bd7 11. Nb5
Na7 12. Nxa7 Rxa7 13. b4 axb4 14. axb4 cxb4 15. Bxb4 Bc6 16. Qd2 Qc7 17. Bc3 e5
18. Ra1 Rfa8 19. Rxa7 Rxa7 20. Qb2 Ne7 21. Rb1 h6 22. e4 Bd7 23. Ne1 Nc6 24.
Nc2 Qd8 25. h4 {Papaioannou,I (2561)-Velickovic,S (2423) Chania 1999 1-0 (63)})
({RR} 10... Rb8 11. e3 Bd7 12. Nb5 Ne5 13. Nxe5 Bxe5 14. Bc3 Bxb5 15. cxb5 Bxc3
16. bxc3 b6 17. e4 Ng7 18. f4 e5 19. Qb3 Kh8 20. Qd5 Qe7 21. Rb2 f6 22. Rbf2
Ne6 23. Bh3 Nc7 24. Qc6 Kg7 25. fxe5 {Fodor,T (2503)-Michalczak,T (2364)
Pardubice 2012 1/2-1/2 (34)}) 11. Ne1 a4 12. Nd5 Bg4 13. f3 Bd7 14. e3 Nb3 15.
Bc3 e6 16. Bxg7 Kxg7 17. Nc3 Ne7 18. f4 Qb6 19. Nf3 Bc6 20. Qe1 Rad8 21. g4 f6
22. e4 Nd4 1-0

[Event "Floripa Chess Open 2024"]
[Site "Florianopolis"]
[Date "2024.01.27"]
[Round "9.49"]
[White "Cueto, Jonny"]
[Black "Cruz, Natan Gomes"]
[Result "0-1"]
[WhiteElo "2108"]
[BlackElo "1888"]
[PlyCount "52"]
[EventDate "2024.01.20"]
[EventRounds "10"]
[EventCountry "BRA"]

1. d4 d5 2. Bf4 c5 3. e3 Nc6 4. Nc3 cxd4 5. exd4 Bf5 6. Bb5 ({RR} 6. Bd3 Bxd3
7. Qxd3 e6 8. Nf3 Bd6 9. Ne2 Bxf4 10. Nxf4 Qb6 11. O-O Nf6 12. Rab1 O-O 13. c3
Rac8 14. Rfe1 Qa6 15. Qxa6 bxa6 16. Nd3 Nd7 17. b4 a5 18. Nc5 Ncb8 19. Rec1 Rc7
20. Ne1 axb4 {Bluebaum,M (2647)-Lupulescu,C (2656) PlayChess INT 2020 1/2-1/2 
(43)}) ({RR} 6. g4 Bg6 7. h4 h6 8. h5 Bh7 9. Bd3 Bxd3 10. Qxd3 a6 11. O-O-O e6
12. Qe3 Nf6 13. f3 Bd6 14. Nge2 Bxf4 15. Nxf4 Qd6 16. Nd3 Nd7 17. f4 O-O-O 18.
Na4 b6 19. Ne5 Ncxe5 20. fxe5 Qb4 {Delgado Pico,L (1989)-Travesset Ribera,D  
(2101) Barcelona ESP 2022 1/2-1/2}) 6... e6 7. Nge2 $146 ({RR} 7. a3 Bd6 8.
Bxd6 Qxd6 9. Nge2 Nge7 10. Bd3 O-O 11. O-O Rad8 12. Na2 f6 13. c3 e5 14. f3 Na5
15. Qc2 Bxd3 16. Qxd3 Nc4 17. Rab1 Ng6 18. Rfe1 Rfe8 19. Ng3 Nf4 20. Qc2 g6 21.
Qa4 a6 {Jurczyk,S-Reuss,A Wuerttemberg 1995 0-1}) ({RR} 7. a3 Nf6 8. Nge2 Rc8
9. O-O Be7 10. Qd2 O-O 11. Rac1 Na5 12. h3 a6 13. Bd3 Bxd3 14. Qxd3 Nc4 15. Rb1
b5 16. Na2 Qb6 17. c3 a5 18. Ng3 b4 19. a4 bxc3 20. bxc3 Qc6 21. Rb5 Nd7 {
Hadzhiev,O-Green,M (1483) Sofia 2014 0-1 (33)}) 7... Bd6 8. O-O Nge7 9. Na4 O-O
10. c3 Rc8 11. Re1 Qc7 12. Bg3 Bg6 13. Bxd6 Qxd6 14. Nc5 Rc7 15. Qd2 e5 16. Nb3
e4 17. Qf4 Rd8 18. Nc5 Qxf4 19. Nxf4 Bf5 20. f3 exf3 21. gxf3 g5 22. Nh5 Bg6
23. Nf6+ Kg7 24. Ng4 Nf5 25. Kf2 Ncxd4 26. cxd4 Nxd4 0-1

[Event "Floripa Chess Open 2024"]
[Site "Florianopolis"]
[Date "2024.01.27"]
[Round "9.50"]
[White "Lage, Pedro Ferreira"]
[Black "Cardoso, Leandro Ubialli"]
[Result "1-0"]
[WhiteElo "2100"]
[BlackElo "1842"]
[PlyCount "83"]
[EventDate "2024.01.20"]
[EventRounds "10"]
[EventCountry "BRA"]

1. g3 Nf6 2. Bg2 e6 3. Nf3 d5 4. O-O c5 5. d4 Nc6 6. c4 dxc4 7. dxc5 Qxd1 8.
Rxd1 Bxc5 9. Nfd2 Nd5 $146 ({RR} 9... Na5 10. Na3 Bxa3 11. bxa3 Bd7 12. Bb2 Rc8
13. Bc3 b6 14. Rdc1 Rc7 15. Rab1 O-O 16. Bxa5 bxa5 17. Rxc4 Rfc8 18. Rxc7 Rxc7
19. Rb8+ Be8 20. Bf3 Kf8 21. Rb2 Ke7 22. Rb7 Rxb7 23. Bxb7 Bb5 24. Kf1 {
Fedoseev,V (2719)-Nihal,S (2576) St Petersburg RUS 2018 1/2-1/2 (59)}) ({RR} 
9... Na5 10. Na3 Bxa3 11. bxa3 Bd7 12. Bb2 Rc8 13. Bc3 b6 14. Rdc1 Rc7 15. Bxa5
bxa5 16. Rxc4 Rxc4 17. Nxc4 Ke7 18. Nxa5 Rc8 19. Nb3 Ne8 20. Rc1 Rxc1+ 21. Nxc1
Nd6 22. Kf1 Nc4 {1/2-1/2 (22) Dominguez Perez,L (2739)-Anand,V (2768) Saint
Louis USA 2018}) ({RR} 9... Na5 10. Na3 Bxa3 11. bxa3 O-O 12. Ne4 Nd5 13. Bd2
b6 14. Nc3 Bb7 15. Nxd5 Bxd5 16. Bxd5 exd5 17. Bxa5 bxa5 18. Rxd5 Rfc8 19. Rc1
Rab8 20. Rc3 g6 21. Rd4 Rb2 22. Rcxc4 Rxc4 23. Rxc4 Rxa2 24. Ra4 {Vrolijk,L  
(2573)-Santos Latasa,J (2615) Wijk aan Zee NED 2024 1/2-1/2 (31)}) ({RR} 9...
Na5 10. Na3 c3 11. bxc3 O-O 12. Nb3 Bb6 13. Nxa5 Bxa5 14. Nc4 Bxc3 15. Rb1 e5
16. Ba3 Re8 17. Nd6 Rd8 18. h3 h6 19. e3 Rb8 20. g4 Ba5 21. Rdc1 Bb6 22. Nxc8
Rdxc8 23. Bd6 Rxc1+ 24. Rxc1 {Wagner,D (2584)-Gatterer,F (2175) chess.com INT
2023 1-0 (40)}) ({RR} 9... Na5 10. Na3 Bxa3 11. bxa3 Bd7 12. Bb2 Rc8 13. Bc3 b6
14. Rab1 O-O 15. Rdc1 h6 16. f4 Nd5 17. Bxa5 c3 18. Nb3 bxa5 19. Nxa5 Rc5 20.
Nb3 Rc4 21. Kf2 Rfc8 22. Rc2 Nf6 23. Bf3 e5 24. fxe5 {Ulibin,M (2482)-Ladva,O 
(2497) Groningen NED 2018 0-1 (48)}) 10. Nxc4 Nb6 11. Nba3 O-O 12. Bf4 f6 13.
Bd6 Bxd6 14. Rxd6 Nxc4 15. Nxc4 Ne7 16. Rad1 Nd5 17. e4 Nb6 18. Nxb6 axb6 19.
Rd8 Rxd8 20. Rxd8+ Kf7 21. f4 Ke7 22. Rg8 Kf7 23. Rh8 h6 24. a3 b5 25. Kf2 b4
26. axb4 g5 27. Ke3 Ke7 28. Kd4 Kd7 29. Rxh6 gxf4 30. gxf4 Ke7 31. Rh8 Kd7 32.
e5 fxe5+ 33. fxe5 Ra2 34. Rh7+ Kd8 35. Kc3 b6 36. h4 Ra1 37. h5 Rg1 38. Rg7 Bb7
39. Rxb7 Rxg2 40. h6 Rh2 41. h7 Kc8 42. Rg7 1-0

[Event "Floripa Chess Open 2024"]
[Site "Florianopolis"]
[Date "2024.01.27"]
[Round "9.51"]
[White "Nunes, Agatha Hurba"]
[Black "Silva, Caio Henrique Angel"]
[Result "0-1"]
[WhiteElo "1840"]
[BlackElo "2074"]
[PlyCount "52"]
[EventDate "2024.01.20"]
[EventRounds "10"]
[EventCountry "BRA"]

1. d4 {TA} Nf6 2. c4 g6 3. Nc3 d5 4. cxd5 Nxd5 5. e4 Nxc3 6. bxc3 Bg7 7. Bc4 c5
8. Ne2 Nc6 9. Be3 O-O 10. O-O b6 11. Qd2 Bb7 12. Rab1 ({RR} 12. Rfd1 cxd4 13.
cxd4 Rc8 14. Rac1 Na5 15. Bd3 Qd7 16. h4 Rxc1 17. Rxc1 Rc8 18. h5 Rxc1+ 19.
Qxc1 Qc8 ({RR} 19... e6 20. h6 Bf8 21. Bg5 Qa4 22. Qb1 Nc6 23. Bc2 Qc4 24. Bd3
Qa4 25. Bb5 Qa5 26. Be3) 20. h6 Bf8 21. d5 e6 22. Nc3 Nc4 23. Bxc4 Qxc4 24. Qd2
exd5 25. Nxd5 Bxd5 26. exd5 Qb4 {Caruana,F (2842)-Nepomniachtchi,I (2774)
Yekaterinburg 2020 playchess.com [TA] 1/2-1/2 (55)}) ({RR} 12. Rac1 e6 13. Rfd1
cxd4 14. cxd4 Rc8 15. Bb5 a6 16. Ba4 Na5 17. Rxc8 Qxc8 18. Rc1 Nc4 19. Qd3 b5
20. Bb3 Qa8 21. Ng3 Nxe3 22. fxe3 a5 23. a3 Rc8 24. Rxc8+ Qxc8 25. Qxb5 Qc1+
26. Nf1 Qc7 {Sethuraman,S (2626)-Suleimen,E (2366) Almaty KAZ 2023 1-0 (35)})
12... Rc8 13. Rfc1 e6 14. a3 $146 ({RR} 14. f3 Na5 15. Bd3 c4 16. Bc2 e5 17. d5
Qd6 18. Ng3 {1/2-1/2 (18) Mihajlov,S (2356)-Abdumalik,Z (2389) Fornebu 2016})
14... Na5 15. Bd3 Qe7 16. dxc5 Rfd8 17. Qc2 bxc5 18. Bb5 a6 19. Ba4 Ba8 20. c4
Bd4 21. Bxd4 cxd4 22. Qd3 Nb7 23. f3 Nc5 24. Qd1 Qg5 25. Ng3 Qe3+ 26. Kf1 Qxa3
0-1

[Event "Floripa Chess Open 2024"]
[Site "Florianopolis"]
[Date "2024.01.27"]
[Round "9.52"]
[White "Gruettner, Ralf"]
[Black "Viana, Daniel Fernandes"]
[Result "0-1"]
[WhiteElo "2071"]
[BlackElo "1830"]
[PlyCount "31"]
[EventDate "2024.01.20"]
[EventRounds "10"]
[EventCountry "BRA"]

1. d4 Nf6 2. c4 g6 3. Nc3 Bg7 4. e4 d6 5. Nf3 O-O 6. Be2 e5 7. dxe5 dxe5 8.
Qxd8 Rxd8 9. Bg5 Re8 10. Nd5 Nxd5 11. cxd5 c6 12. Bc4 cxd5 13. Bxd5 Nc6 14.
O-O-O Nb4 15. Bb3 Be6 16. a3 $146 ({RR} 16. Bxe6 Rxe6 17. Kb1 Na6 18. Rd5 h6
19. Be3 b6 20. Rhd1 Rae8 21. Rd7 R6e7 22. Rxe7 Rxe7 23. Rd8+ Kh7 24. Nd2 Bf6
25. Nf3 Nb4 26. Rd6 Bg7 27. a3 Na6 28. Ne1 Nb8 29. Nd3 Rd7 30. Rxd7 Nxd7 {
Andersson,U (2635)-Gunawan,R (2365) Jakarta 1983 1/2-1/2 (42)}) ({RR} 16. Bxe6
Rxe6 17. Kb1 f5 18. Rd7 Rc6 19. Rxb7 Nd3 20. Be3 Rac8 21. a3 f4 22. Bxa7 Bf6
23. Rd7 Rc1+ 24. Rxc1 Rxc1+ 25. Ka2 Rd1 26. Rd5 g5 27. h3 h5 28. Kb3 g4 29.
hxg4 hxg4 30. Kc2 gxf3 {Lupulescu,C (2656)-Heberla,B (2556) Tornelo INT 2021
1-0 (36)}) ({RR} 16. Bxe6 Rxe6 17. Kb1 f6 18. Be3 Nc6 19. Rd7 Re7 20. Rxe7 Nxe7
21. Rd1 b6 22. Rd7 Kf7 23. Nd2 Ke6 24. Rb7 Bf8 25. b4 h5 26. Kb2 Nc8 27. a3 Nd6
28. Rh7 Be7 29. f3 Rc8 30. h4 Nf7 {Taboas Rodriguez,D (2373)-Juknis,P (2118)
chess.com INT 2023 1-0 (60)}) ({RR} 16. Bxe6 Rxe6 17. Kb1 Nc6 18. Rd7 Rb8 19.
Rhd1 a5 20. Be3 Bf6 21. R1d5 Bd8 22. Bc5 {1/2-1/2 (22) Krivonosov,O (2400)
-Movsesian,M Soviet Union 1986}) 0-1

[Event "Floripa Chess Open 2024"]
[Site "Florianopolis"]
[Date "2024.01.27"]
[Round "9.53"]
[White "Moura, Eduardo Eugenio Cha"]
[Black "Rodriguez Farias, Eduardo"]
[Result "1-0"]
[WhiteElo "2055"]
[BlackElo "1829"]
[PlyCount "49"]
[EventDate "2024.01.20"]
[EventRounds "10"]
[EventCountry "BRA"]

1. d4 Nf6 2. Nf3 g6 3. Bg5 Bg7 4. Nbd2 c5 5. e3 cxd4 6. exd4 d5 7. Bd3 O-O 8.
O-O Qb6 9. Rb1 Nc6 10. c3 h6 $146 ({RR} 10... a5 11. Nb3 a4 12. Nc5 Qa5 13. Bc2
b5 14. a3 Nd7 15. Nd3 Re8 16. Re1 Bb7 17. Bf4 f6 18. Re6 Nd8 19. Re2 Qb6 20.
Qd2 Nf7 21. Rbe1 e6 22. h4 Re7 23. g4 e5 24. dxe5 Qe6 25. g5 {Martinez,
S-Lotero,F (2149) Medellin 2009 1/2-1/2 (38)}) 11. Bh4 Nh5 12. Re1 Nf4 13. Bc2
Bg4 14. h3 Bh5 15. Bg3 Ne6 16. Bh4 g5 17. g4 gxh4 18. gxh5 Nf4 19. Nxh4 Nxh3+
20. Kh2 Ng5 21. f4 Qc7 22. Qg4 Nxd4 23. Bd3 f5 24. Qg3 e5 25. fxg5 1-0

[Event "Floripa Chess Open 2024"]
[Site "Florianopolis"]
[Date "2024.01.27"]
[Round "9.54"]
[White "Bastos Seixas, Pedro Lucas"]
[Black "Boabaid, Jorge Alberto Duard"]
[Result "0-1"]
[WhiteElo "2049"]
[BlackElo "1771"]
[PlyCount "109"]
[EventDate "2024.01.20"]
[EventRounds "10"]
[EventCountry "BRA"]

1. d4 Nf6 2. Nf3 e6 3. Bg5 h6 4. Bf4 ({RR} 4. Bxf6 gxf6 5. e4 d5 6. Nbd2 c5 7.
exd5 Qxd5 8. Bc4 Qh5 9. Ne4 Qg6 10. Qe2 cxd4 11. Nxd4 Bb4+ 12. c3 Be7 13. O-O-O
f5 14. Nb5 fxe4 15. Nc7+ Kf8 16. Nxa8 Nd7 17. Nc7 a6 18. Rhe1 Nf6 {Dubov,D  
(2710)-Dragnev,V (2585) chess.com INT 2023 1-0 (37)}) 4... Nh5 $146 ({RR} 4...
d6 5. Nc3 Nbd7 6. e4 g5 7. Bg3 Nh5 8. d5 Nxg3 9. fxg3 exd5 10. exd5 Qe7+ 11.
Be2 Bg7 12. Qd2 g4 13. Nd4 Ne5 14. O-O-O h5 15. Bb5+ Kd8 16. Qf2 a6 17. Bd3
Nxd3+ 18. Rxd3 Be5 19. Rf1 {Ruiz Sanchez,A (2215)-Sanchez Jimenez,J (2235)
Linares 1997 1/2-1/2 (44)}) ({RR} 4... d5 5. e3 c5 6. c3 Nc6 7. Bd3 Bd6 8. Bxd6
Qxd6 9. Qe2 e5 10. dxe5 Nxe5 11. Nxe5 Qxe5 12. Nd2 O-O 13. O-O-O a6 14. f3 b5
15. h4 Rb8 16. g4 b4 17. c4 d4 18. e4 Qf4 19. g5 {Bastos Seixas,P (2072)-Dinu,
D (2203) chess.com INT 2023 0-1 (38)}) ({RR} 4... d6 5. h3 b6 6. e3 Bb7 7. Be2
Nbd7 8. O-O g5 9. Bg3 Ne4 10. Bh2 h5 11. Nfd2 Nxd2 12. Nxd2 g4 13. hxg4 hxg4
14. Re1 Qh4 15. Nf1 Nf6 16. Bb5+ Ke7 17. Bd3 Ne4 18. Qe2 Bg7 19. Bxe4 {
Dienavorian Lacherian,M (2280)-Cifuentes Parada,R (2425) Casilda 1984 0-1}) ({
RR} 4... Nc6 5. e3 d6 6. Nbd2 Bd7 7. c3 g6 8. e4 Bg7 9. h3 O-O 10. Be2 a6 11.
O-O e5 12. dxe5 Nh5 13. Bh2 dxe5 14. Nc4 Qe7 15. Ne3 Be6 16. Qc2 Rad8 17. Rad1
Rd6 18. Rxd6 cxd6 19. Rd1 {[%emt 0:00:02] Adamcik,R (2026)-Frink,F (2090)
Slovakia 2017 1/2-1/}) 5. Bg3 Nxg3 6. hxg3 c5 7. c3 cxd4 8. cxd4 Bb4+ 9. Nbd2
Nc6 10. e3 a6 11. a3 Be7 12. Bd3 d6 13. Rc1 Bf6 14. Qb3 d5 15. Rc3 O-O 16. Bb1
Re8 17. Qc2 e5 18. Qh7+ Kf8 19. dxe5 Nxe5 20. Nd4 Qb6 21. O-O Bd7 22. b4 Nc6
23. N2b3 Nxd4 24. exd4 Ke7 25. Re3+ Kd6 26. Nc5 Bc6 27. Qf5 Rxe3 28. fxe3 Re8
29. Kh2 Qd8 30. e4 dxe4 31. Nxe4+ Bxe4 32. Qc5+ Kd7 33. Bxe4 Qc7 34. Bf5+ Kd8
35. Qd5+ Ke7 36. Be4 Rb8 37. Re1 Kf8 38. Rc1 Qd8 39. Qc5+ Kg8 40. Qf5 g6 41.
Qf3 Qe7 42. Re1 Kg7 43. Re2 Qd7 44. d5 Qd6 45. Bb1 Rc8 46. Rc2 Re8 47. Rf2 h5
48. Qf4 Re5 49. Ba2 g5 50. Qf3 h4 51. Kh3 hxg3 52. Qxg3 Qe7 53. Bc4 Qe8 54. Kh2
Re3 55. Qg4 0-1

[Event "Floripa Chess Open 2024"]
[Site "Florianopolis"]
[Date "2024.01.27"]
[Round "9.55"]
[White "Moritz, Diego Homrich"]
[Black "Kayser, Gustavo Warmling"]
[Result "0-1"]
[WhiteElo "1832"]
[BlackElo "2029"]
[PlyCount "34"]
[EventDate "2024.01.20"]
[EventRounds "10"]
[EventCountry "BRA"]

1. b3 e5 2. Bb2 Nc6 3. e3 d5 4. Bb5 Bd6 5. f4 Qh4+ 6. g3 Qe7 7. Nf3 f6 8. Qe2
Nh6 9. Nc3 Be6 10. O-O-O O-O 11. Bxc6 ({RR} 11. h3 Nf5 12. Rdg1 e4 13. Nh4 Nxh4
14. gxh4 Kh8 15. Qf2 Nd8 16. Be2 Ba3 17. Qg3 Bxb2+ 18. Kxb2 Rg8 19. Bg4 f5 20.
Bd1 Nf7 21. Ne2 Qf6+ 22. Kb1 c5 23. Qf2 a5 24. c3 b5 25. Ng3 Qxh4 {Kalajzic,I 
(2062)-Durarbayli,V (2635) chess.com INT 2023 0-1 (40)}) 11... bxc6 12. Rdf1
$146 ({RR} 12. h3 Nf5 13. Rhg1 e4 14. Ne1 Ba3 15. g4 Bxb2+ 16. Kxb2 Nd6 17. f5
Bd7 18. Ng2 a5 19. d4 Nc4+ 20. Ka1 Qa3 21. Rb1 a4 22. Qe1 axb3 23. cxb3 Qxa2+ {
0-1 (23) Wallner,J (2271)-Delaney,J (2191) Dresden GER 2022}) 12... Bh3 13. Re1
Ba3 14. Qa6 Bxb2+ 15. Kxb2 Bg2 16. Qxc6 Bxf3 17. Rhf1 d4 0-1

[Event "Floripa Chess Open 2024"]
[Site "Florianopolis"]
[Date "2024.01.27"]
[Round "9.56"]
[White "Cordero, Daniela"]
[Black "Ramazzotte, Maicon Zilli"]
[Result "1-0"]
[WhiteElo "2028"]
[BlackElo "1682"]
[PlyCount "83"]
[EventDate "2024.01.20"]
[EventRounds "10"]
[EventCountry "BRA"]

1. d4 {TA} Nf6 2. Nf3 g6 3. c4 Bg7 4. g3 d5 5. cxd5 Nxd5 6. Bg2 O-O 7. O-O Nc6
8. e3 e6 ({RR} 8... Nb6 9. Bd2 e5 10. Nxe5 Nxe5 11. dxe5 Bxe5 12. Bc3 Qe7 13.
Qc2 ({RR} 13. Qc1 c6 14. f4 Bd6 15. e4 Bc5+ 16. Kh1 Na4 17. f5 f6 18. Be1 Nb6
19. Nd2) 13... c6 14. Nd2 Rd8 15. a3 Bf5 16. e4 Bg4 17. Bxe5 Qxe5 18. f4 Qb5
19. Rf2 Qd3 20. Rc1 Qxc2 21. Rxc2 Rd3 22. Bf1 Rd4 23. h3 {Rapport,R (2754)
-Shevchenko,K (2645) Mayrhofen 2022 [TA] 0-1 (59)}) ({RR} 8... Bg4 9. h3 Bf5
10. Nc3 Nxc3 11. bxc3 Qd7 12. Kh2 Be4 13. Ne5 Nxe5 14. Bxe4 Nc4 15. Bxb7 Rab8
16. Bg2 Rfd8 17. Qe2 Qa4 18. e4 c5 19. Bg5 cxd4 20. cxd4 Rxd4 21. Bxe7 Rd2 22.
Qf3 Bxa1 23. Rxa1 {Hoang Thi Bao Tram (2243)-Manon Og,R (1966) chess.com INT
2023 1-0 (31)}) 9. Nc3 $146 ({RR} 9. Qe2 b6 10. a3 a5 11. Rd1 Qe8 12. e4 Nde7
13. Nc3 Ba6 14. Qc2 Rd8 15. Be3 h6 16. d5 exd5 17. exd5 Nb8 18. d6 Rxd6 19.
Rxd6 cxd6 20. Bxb6 Nbc6 21. Rd1 Qb8 22. Be3 Nf5 23. Bc1 Re8 {Kristinsson,B  
(2166)-Gislason,M (1998) Reykjavik 2015 1-0 (38)}) 9... b6 10. Nxd5 exd5 11.
Qc2 Qd6 12. Bd2 Bf5 13. Qa4 Bd7 14. Qa6 Bc8 15. Qe2 a5 16. Rfc1 Ba6 17. Qd1 Nb4
18. Ne5 c5 19. a3 Nc6 20. Nxc6 Qxc6 21. Bc3 c4 22. e4 dxe4 23. d5 Qc5 24. b4
Qd6 25. Bxg7 Kxg7 26. bxa5 f5 27. Qd4+ Rf6 28. f3 exf3 29. Bxf3 bxa5 30. Re1
Rd8 31. Rab1 g5 32. Re5 Kg6 33. Qe3 Rd7 34. Re6 Rxe6 35. dxe6 Qd4 36. Qxd4 Rxd4
37. e7 Kf7 38. Re1 Bb5 39. e8=Q+ Bxe8 40. Bh5+ Kf6 41. Bxe8 c3 42. Bb5 1-0

[Event "Floripa Chess Open 2024"]
[Site "Florianopolis"]
[Date "2024.01.27"]
[Round "9.57"]
[White "Pimenta, Elisandro Da Silva"]
[Black "Souza Dos Santos, Matheus Garcett"]
[Result "1/2-1/2"]
[WhiteElo "1829"]
[BlackElo "2024"]
[PlyCount "125"]
[EventDate "2024.01.20"]
[EventRounds "10"]
[EventCountry "BRA"]

1. d4 Nf6 2. Nc3 d5 3. Bg5 Bf5 4. e3 e6 5. Bd3 Bg6 6. Nf3 Be7 ({RR} 6... Nbd7
7. Ne5 Bb4 8. Nxg6 hxg6 9. a3 Bxc3+ 10. bxc3 c5 11. h3 Qa5 12. Qd2 c4 13. Be2
Ne4 {0-1 (13) Goswami,V (2034)-Bodi,T (2285) chess.com INT 2023}) 7. O-O Nbd7
8. Re1 O-O 9. Bxg6 $146 ({RR} 9. Ne2 c5 10. Nf4 Bxd3 11. Nxd3 Ne4 12. Bxe7 Qxe7
13. Nfe5 Nxe5 14. Nxe5 f6 15. Nd3 c4 16. Nf4 Nd6 17. Qf3 f5 18. c3 Ne4 19. Qe2
b5 20. f3 Nd6 21. b4 a5 22. a3 Ra6 23. Ra2 Rfa8 {Ocko,D (1916)-Sosovicka,J  
(2140) Tatranske Zruby SVK 2018 1/2-1/2 (47)}) 9... hxg6 10. e4 Nxe4 11. Nxe4
dxe4 12. Bxe7 Qxe7 13. Rxe4 Nf6 14. Re2 Rfd8 15. Rd2 Qd6 16. Qe2 Qb6 17. c3 a5
18. a4 c6 19. Ne5 Rd5 20. Rad1 Rad8 21. Qe3 Qb3 22. c4 Qxe3 23. fxe3 R5d6 24.
Kf1 g5 25. c5 Rd5 26. Ke2 Ne4 27. Rd3 f6 28. Nc4 Rf5 29. Rf1 Rxf1 30. Kxf1 Nxc5
31. Ra3 Nxa4 32. Rxa4 b5 33. Rxa5 bxc4 34. Rc5 Rb8 35. Rxc4 Rxb2 36. Rxc6 Kf7
37. h3 Rd2 38. Rb6 f5 39. Kg1 f4 40. exf4 gxf4 41. Rb4 Kf6 42. d5 e5 43. Rb6+
Kf5 44. d6 g5 45. Kf1 e4 46. Rb5+ Kf6 47. Rb6 Rd5 48. Ke2 Ke6 49. d7+ Kxd7 50.
Rg6 Ke7 51. h4 gxh4 52. Rg4 Rf5 53. Rxh4 Kf6 54. Rh8 Rg5 55. Kf2 Kf5 56. Rf8+
Kg4 57. Rf7 e3+ 58. Kf1 Kg3 59. Ke2 Rg4 60. Kf1 e2+ 61. Kxe2 Kxg2 62. Rf5 f3+
63. Rxf3 1/2-1/2